| 000 | 00621nam a22002057a 4500 | ||
|---|---|---|---|
| 005 | 20251108172517.0 | ||
| 008 | 250721s9999 xx 000 0 ara d | ||
| 082 | 1 | 4 | _a796.077شحا |
| 100 | 1 | _aشحاته، محمد إبراهيم | |
| 245 | 1 | 0 | _aتدريب بالأثقال / |
| 264 | 1 |
_aالإسكندرية : _bمنشأة المعارف، |
|
| 300 | _a327ص | ||
| 650 | 1 | 7 | _aالألعاب الرياضية |
| 650 | 1 | 7 | _aألعاب القوى |
| 650 | 1 | 7 | _aرفع الأثقال |
| 650 | 1 | 7 | _aمعداتالرياضة |
| 650 | 1 | 7 | _aالتمرينات الرياضية |
| 942 |
_2ddc _cBK |
||
| 999 |
_c81200 _d81200 |
||